| 000 | 00529nam a2200157 a 4500 | ||
|---|---|---|---|
| 001 | 000044811 | ||
| 005 | 20201002045639.0 | ||
| 008 | 150113s2014 dr ab 000 0 spa d | ||
| 040 |
_aDO-SdBNP _bspa _cBNPHU |
||
| 082 |
_axxxxxxx _bxxxxxxx |
||
| 100 | 1 |
_aFernández, María Faustina _972837 |
|
| 245 | 1 | 0 |
_aLoma Miranda, mi casa, mi cuna / _cMaría Faustina Fernández. |
| 260 |
_aSanto Domingo : _bs. n., _c2014. |
||
| 300 |
_a121 p. : _bil., map. ; _c22 cm. |
||
| 300 | _aIncluye datos biográficos de la autora en la contracubierta. | ||
| 999 |
_c44300 _d44300 |
||